| 000 | 00719nam a22001817a 4500 | ||
|---|---|---|---|
| 005 | 20251108165804.0 | ||
| 008 | 250721s1976 xx 000 0 ara d | ||
| 082 | 1 | 4 | _aم /418/سمي |
| 100 | 1 | _aأبو مغلي، سميح | |
| 245 | 1 | 0 | _aاقتراض الألفاظ في اللغة العربية حتى نهاية القرن الرابع الهجري / |
| 264 | 1 |
_aالقاهرة : _bجامعة القاهرة - كلية دار العلوم، _c1976. |
|
| 300 | _a342ص | ||
| 490 | 0 | _aرسالة ماجستير في اللغة العربية بأشراف الدكتور كمال محمد بشر | |
| 650 | 1 | 7 | _aعلم اللغة المقارن |
| 650 | 1 | 7 | _aالترجمة |
| 942 |
_2ddc _cREF |
||
| 999 |
_c31318 _d31318 |
||